[Event "GER-ch U25-B"]
[Site "Willingen"]
[Date "2019.06.14"]
[Round "8"]
[White "Petri, Ben Luca"]
[Black "Seitz, Manuel"]
[Result "1/2-1/2"]
[WhiteElo "1895"]
[BlackElo "1710"]
[PlyCount "106"]
[EventDate "2019.06.08"]
[EventType "swiss"]
[EventRounds "9"]
[EventCountry "GER"]
[SourceTitle "CBM 191 Extra"]
[Source "ChessBase"]
[SourceDate "2019.09.30"]
[SourceVersion "1"]
[SourceVersionDate "2019.09.30"]
[SourceQuality "1"]

1. e4 e5 2. Nf3 Nc6 3. Bb5 a6 4. Bxc6 dxc6 5. 0-0 Be6 6. Nxe5 Qd4 7. Nf3 Qxe4 8. Ng5 Qg6 9. Nxe6 fxe6 10. d3 0-0-0 11. Nc3 Ne7 12. Bf4 Nf5 13. Ne4 Bd6 14. Bxd6 cxd6 15. Ng3 Nxg3 16. hxg3 h5 17. Qe2 h4 18. Rae1 Rde8 19. g4 Qf6 20. c3 Kc7 21. f4 Rhf8 22. d4 Qh6 23. g5 Qg6 24. Qg4 Rh8 25. Kh2 d5 26. Re2 Kd6 27. f5 exf5 28. Qf4+ Kd7 29. Rxe8 Rxe8 30. Qxf5+ Qxf5 31. Rxf5 Re2 32. Rf7+ Ke6 33. Rxb7 Kf5 34. Rf7+ Kg4 35. Rxg7 h3 36. Rh7 Rxg2+ 37. Kh1 Kg3 38. Re7 Rxb2 39. Re3+ Kf4 40. Rxh3 Kxg5 41. Rg3+ Kf5 42. Rf3+ Ke4 43. Rf6 Rb6 44. Kg2 Kd3 45. Rf3+ Kc2 46. Kg3 Kb2 47. Kf4 Kxa2 48. Ke5 Kb3 49. Kd6 Kc4 50. Kc7 Rb3 51. Kxc6 Rxc3 52. Rxc3+ Kxc3 53. Kxd5 a5 1/2-1/2

[Event "JBLN West 1819"]
[Site "Germany"]
[Date "2019.03.10"]
[Round "6.5"]
[White "Steinbach, Julian"]
[Black "Petri, Ben Luca"]
[Result "0-1"]
[WhiteElo "1718"]
[BlackElo "1914"]
[PlyCount "102"]
[EventDate "2018.09.23"]
[EventType "team-tourn"]
[EventRounds "9"]
[EventCountry "GER"]
[SourceTitle "EXT 2020"]
[Source "ChessBase"]
[SourceDate "2019.10.17"]
[SourceVersion "1"]
[SourceVersionDate "2019.10.17"]
[SourceQuality "1"]
[WhiteTeam "Kiel Doppelbauer U20"]
[BlackTeam "Delmenhorst U20"]
[WhiteTeamCountry "GER"]
[BlackTeamCountry "GER"]

1. e4 Nf6 2. Nc3 e5 3. Nf3 Nc6 4. d4 exd4 5. Nxd4 Bb4 6. f3 0-0 7. Be3 d5 8. Bb5 Nxd4 9. Qxd4 c5 10. Qe5 Qa5 11. Be2 Re8 12. Qd6 d4 13. Bxd4 cxd4 14. Qxd4 Be6 15. a3 Bxc3+ 16. bxc3 Red8 17. Qb4 Qc7 18. 0-0 a5 19. Qb2 Qc5+ 20. Kh1 Bd7 21. Rab1 Bc6 22. Rbd1 Nd7 23. Rd4 Nf8 24. Rfd1 Ne6 25. R4d3 Qf2 26. Bf1 Rxd3 27. Bxd3 Rd8 28. Qa1 Qc5 29. Qb2 h6 30. Rb1 Nf4 31. Qc1 Nxd3 32. cxd3 Rxd3 33. Qf4 Qd6 34. Qxd6 Rxd6 35. Kg1 Rd3 36. Rc1 Kf8 37. Kf1 Rd2 38. a4 Bxa4 39. Ra1 Rd1+ 40. Rxd1 Bxd1 41. Ke1 Bb3 42. Kd2 Ke7 43. g4 Kd6 44. f4 a4 45. h4 b5 46. h5 f6 47. Kc1 Be6 48. e5+ fxe5 49. f5 Bxf5 50. gxf5 e4 51. Kd2 Ke5 0-1

[Event "GER-ch U25-B"]
[Site "Willingen"]
[Date "2018.05.26"]
[Round "9"]
[White "Petri, Ben Luca"]
[Black "Thumm, Niklas"]
[Result "1-0"]
[WhiteElo "1812"]
[BlackElo "1661"]
[PlyCount "65"]
[EventDate "2018.05.19"]
[EventType "swiss"]
[EventRounds "9"]
[EventCountry "GER"]
[SourceTitle "CBM 184 Extra"]
[Source "ChessBase"]
[SourceDate "2018.06.28"]
[SourceVersion "1"]
[SourceVersionDate "2018.06.28"]
[SourceQuality "1"]

1. e4 a6 2. d4 b5 3. Bd3 Bb7 4. c3 e6 5. Nf3 c5 6. Qe2 Nf6 7. 0-0 Be7 8. a4 b4 9. Nbd2 Nc6 10. Re1 d6 11. Nc4 d5 12. exd5 Nxd5 13. dxc5 bxc3 14. bxc3 Bxc5 15. Bg5 Qc7 16. Qc2 h6 17. Bh4 Rc8 18. Bg3 Qd8 19. Rad1 Qf6 20. Bd6 Ba7 21. Ba3 Bb8 22. Rb1 Ba8 23. Rb3 Nce7 24. Rxb8 Rxb8 25. Nd6+ Kd8 26. Ne5 Rf8 27. Bxa6 Nc7 28. Bb5 Nxb5 29. axb5 Rg8 30. Qa4 Nc8 31. Ndxf7+ Kc7 32. Qc4+ Kb6 33. Nd7+ 1-0

[Event "GER-ch U25-B"]
[Site "Willingen"]
[Date "2018.05.25"]
[Round "8"]
[White "Bilecen, Simon"]
[Black "Petri, Ben Luca"]
[Result "0-1"]
[WhiteElo "1666"]
[BlackElo "1812"]
[PlyCount "138"]
[EventDate "2018.05.19"]
[EventType "swiss"]
[EventRounds "9"]
[EventCountry "GER"]
[SourceTitle "CBM 184 Extra"]
[Source "ChessBase"]
[SourceDate "2018.06.28"]
[SourceVersion "1"]
[SourceVersionDate "2018.06.28"]
[SourceQuality "1"]

1. d4 Nf6 2. Bf4 g6 3. e3 Bg7 4. Nf3 d6 5. Nbd2 0-0 6. Bd3 Nbd7 7. h3 c5 8. 0-0 cxd4 9. exd4 Nd5 10. Bg3 Qb6 11. Nc4 Qc7 12. c3 N7f6 13. Re1 Nh5 14. Bh2 Nhf4 15. Bf1 Bh6 16. Ne3 Nxe3 17. fxe3 Nd5 18. e4 Ne3 19. Qd3 Nxf1 20. Rxf1 Be6 21. Nd2 Rac8 22. e5 dxe5 23. Bxe5 Qc6 24. Bf4 Bg7 25. Rfe1 Bd5 26. Qg3 e6 27. Nf3 Bxf3 28. Qxf3 Qxf3 29. gxf3 Rfd8 30. Be5 Rd5 31. a4 Bxe5 32. Rxe5 Rxe5 33. dxe5 Rd8 34. Rf1 Kg7 35. Kg2 Kh6 36. b4 Kg5 37. Rc1 Kf4 38. Rc2 Kxe5 39. c4 Rd4 40. b5 Kd6 41. c5+ Kc7 42. a5 a6 43. bxa6 bxa6 44. Rb2 Ra4 45. c6 Rxa5 46. Rb7+ Kxc6 47. Rxf7 Rh5 48. Re7 Kd6 49. Rb7 a5 50. Rb6+ Ke7 51. Ra6 Kf6 52. Ra7 h6 53. Ra8 Rb5 54. Kg3 Ke5 55. Rg8 a4 56. Rxg6 a3 57. Rxh6 a2 58. Rh5+ Kf6 59. Rxb5 a1Q 60. Rh5 Qg1+ 61. Kh4 Qf2+ 62. Kg4 Qg2+ 63. Kf4 e5+ 64. Ke3 Qg1+ 65. Ke2 Qg6 66. Rh8 Kg7 67. Rh4 Qg2+ 68. Ke3 Qg5+ 69. f4 Qxh4 0-1

[Event "GER-ch U25-B"]
[Site "Willingen"]
[Date "2018.05.23"]
[Round "6"]
[White "Kublanov, Carolin"]
[Black "Petri, Ben Luca"]
[Result "0-1"]
[WhiteElo "1689"]
[BlackElo "1812"]
[PlyCount "62"]
[EventDate "2018.05.19"]
[EventType "swiss"]
[EventRounds "9"]
[EventCountry "GER"]
[SourceTitle "CBM 184 Extra"]
[Source "ChessBase"]
[SourceDate "2018.06.28"]
[SourceVersion "1"]
[SourceVersionDate "2018.06.28"]
[SourceQuality "1"]

1. e4 e5 2. Nf3 Nc6 3. Bc4 Bc5 4. b4 Bxb4 5. c3 Be7 6. d4 Na5 7. Be2 d6 8. Qa4+ c6 9. dxe5 dxe5 10. Nxe5 Nf6 11. Nd2 0-0 12. 0-0 Qc7 13. Nef3 b6 14. Bb2 Nb7 15. Rad1 Nc5 16. Qc2 Bg4 17. Rfe1 Bh5 18. Nd4 Bxe2 19. Rxe2 Rfe8 20. c4 Nfd7 21. N2f3 Bf6 22. Re3 Rad8 23. Rde1 Ne5 24. Nf5 Nxf3+ 25. Rxf3 Bxb2 26. Qxb2 Qe5 27. Qc1 Ne6 28. Rg3 Kh8 29. Rd1 Rxd1+ 30. Qxd1 Rd8 31. Qg4 Qa1+ 0-1

[Event "GER-chT U16"]
[Site "Walldorf"]
[Date "2017.12.28"]
[Round "3.3"]
[White "Petri, Ben Luca"]
[Black "Koelz, Niklas"]
[Result "1-0"]
[WhiteElo "1774"]
[BlackElo "1824"]
[PlyCount "55"]
[EventDate "2017.12.26"]
[EventType "team-swiss"]
[EventRounds "7"]
[EventCountry "GER"]
[SourceTitle "CBM 182 Extra"]
[Source "ChessBase"]
[SourceDate "2018.02.23"]
[SourceVersion "1"]
[SourceVersionDate "2018.02.23"]
[SourceQuality "1"]
[WhiteTeam "Delmenhorst"]
[BlackTeam "Halver Schalksmuehle"]
[WhiteTeamCountry "GER"]
[BlackTeamCountry "GER"]

1. e4 c5 2. Nf3 e6 3. b3 Nc6 4. Bb2 Nf6 5. e5 Nd5 6. c4 Nf4 7. g3 Ng6 8. Bd3 d5 9. exd6 f5 10. Qe2 Kf7 11. h4 Qxd6 12. h5 Nge7 13. Na3 a6 14. 0-0 Nd4 15. Nxd4 cxd4 16. Rfe1 Kf6 17. c5 Qxc5 18. Rac1 Qd5 19. Nc4 Rb8 20. Nb6 Qd6 21. Nxc8 Rxc8 22. Rxc8 Nxc8 23. Bxd4+ Kf7 24. Bxf5 Ke8 25. Qc4 Ne7 26. Rxe6 Qb8 27. Be5 Qd8 28. Rd6 1-0

[Event "GER-chT U16"]
[Site "Walldorf"]
[Date "2017.12.27"]
[Round "2.3"]
[White "Mai, Artur"]
[Black "Petri, Ben Luca"]
[Result "1/2-1/2"]
[WhiteElo "1499"]
[BlackElo "1774"]
[PlyCount "79"]
[EventDate "2017.12.26"]
[EventType "team-swiss"]
[EventRounds "7"]
[EventCountry "GER"]
[SourceTitle "CBM 182 Extra"]
[Source "ChessBase"]
[SourceDate "2018.02.23"]
[SourceVersion "1"]
[SourceVersionDate "2018.02.23"]
[SourceQuality "1"]
[WhiteTeam "Hemer"]
[BlackTeam "Delmenhorst"]
[WhiteTeamCountry "GER"]
[BlackTeamCountry "GER"]

1. e4 e6 2. d4 d5 3. e5 c5 4. c3 Qb6 5. Nf3 Nc6 6. Bd3 Bd7 7. 0-0 cxd4 8. cxd4 Nb4 9. Bc2 Nxc2 10. Qxc2 Rc8 11. Nc3 Ne7 12. Rd1 Nf5 13. Rb1 Be7 14. Qd3 h6 15. h3 a6 16. Kh1 g5 17. g4 Ng7 18. Kg2 Bb5 19. Nxb5 Qxb5 20. Qxb5+ axb5 21. b3 Kd7 22. Bb2 Ra8 23. Ra1 b4 24. Ne1 Ra6 25. Rd2 Rha8 26. Bc1 Ne8 27. Rc2 Nc7 28. f4 Nb5 29. Nf3 gxf4 30. Bxf4 Bf8 31. g5 hxg5 32. Bxg5 Ra3 33. Rb2 Nc3 34. h4 Be7 35. Kh3 Nxa2 36. Rg1 Nc3 37. h5 Ne4 38. Bxe7 Kxe7 39. Kh4 Rh8 40. Rc1 1/2-1/2

[Event "GER-chT U16"]
[Site "Walldorf"]
[Date "2017.12.27"]
[Round "1.3"]
[White "Petri, Ben Luca"]
[Black "Lutterbach, Jakob"]
[Result "0-1"]
[WhiteElo "1774"]
[BlackElo "1463"]
[PlyCount "58"]
[EventDate "2017.12.26"]
[EventType "team-swiss"]
[EventRounds "7"]
[EventCountry "GER"]
[SourceTitle "CBM 182 Extra"]
[Source "ChessBase"]
[SourceDate "2018.02.23"]
[SourceVersion "1"]
[SourceVersionDate "2018.02.23"]
[SourceQuality "1"]
[WhiteTeam "Delmenhorst"]
[BlackTeam "Bingen"]
[WhiteTeamCountry "GER"]
[BlackTeamCountry "GER"]

1. Nf3 d5 2. b3 Nf6 3. Bb2 Bf5 4. e3 c6 5. Be2 e6 6. 0-0 Nbd7 7. c4 Bd6 8. d3 0-0 9. Nh4 Bg6 10. Nxg6 hxg6 11. Nd2 e5 12. cxd5 cxd5 13. Bf3 Qe7 14. Rc1 Nb6 15. Qc2 Rac8 16. Qb1 Bb4 17. Rfd1 Rxc1 18. Qxc1 Rc8 19. Qa1 Rc2 20. Nb1 e4 21. dxe4 dxe4 22. Bxf6 gxf6 23. Bg4 f5 24. Bh3 Qc7 25. a3 Bd6 26. Qf6 Rc1 27. Qd4 Qc2 28. Nc3 Qxc3 29. Qxd6 Qe1+ 0-1

[Event "GER-chT Lands U20"]
[Site "Hannover"]
[Date "2017.10.03"]
[Round "5.5"]
[White "Wu, Luka"]
[Black "Petri, Ben Luca"]
[Result "1-0"]
[WhiteElo "1918"]
[BlackElo "1763"]
[PlyCount "58"]
[EventDate "2017.09.29"]
[EventType "team-swiss"]
[EventRounds "7"]
[EventCountry "GER"]
[SourceTitle "EXT 2018"]
[Source "ChessBase"]
[SourceDate "2017.10.13"]
[SourceVersion "1"]
[SourceVersionDate "2017.10.13"]
[SourceQuality "1"]
[WhiteTeam "Baden U20 II"]
[BlackTeam "Bremen U20"]
[WhiteTeamCountry "GER"]
[BlackTeamCountry "GER"]

1. e4 e5 2. Nf3 Nf6 3. Nxe5 d6 4. Nf3 Nxe4 5. d4 d5 6. Bd3 Be7 7. 0-0 0-0 8. c4 Nf6 9. c5 c6 10. Qc2 b6 11. Nbd2 bxc5 12. dxc5 Na6 13. Nb3 Nb4 14. Qc3 Nxd3 15. Qxd3 Ne4 16. Be3 a5 17. Qc2 Qc7 18. Nbd2 Bf5 19. Nd4 Nxd2 20. Qxd2 Bd7 21. Nf3 Qb7 22. Bd4 Be6 23. Rfe1 Qb4 24. Qc2 Rfe8 25. Re3 a4 26. a3 Qb5 27. Rae1 Qb7 28. Nd2 Bf8 29. f4 Bf5 1-0

[Event "GER-chT Lands U20"]
[Site "Hannover"]
[Date "2017.10.01"]
[Round "3.5"]
[White "Schilay, Eva"]
[Black "Petri, Ben Luca"]
[Result "0-1"]
[WhiteElo "1665"]
[BlackElo "1763"]
[PlyCount "69"]
[EventDate "2017.09.29"]
[EventType "team-swiss"]
[EventRounds "7"]
[EventCountry "GER"]
[SourceTitle "EXT 2018"]
[Source "ChessBase"]
[SourceDate "2017.10.13"]
[SourceVersion "1"]
[SourceVersionDate "2017.10.13"]
[SourceQuality "1"]
[WhiteTeam "Bayern U20"]
[BlackTeam "Bremen U20"]
[WhiteTeamCountry "GER"]
[BlackTeamCountry "GER"]

1. Nc3 Nf6 2. e4 e5 3. Bc4 Nc6 4. d3 Na5 5. Bg5 Be7 6. Bb3 Nxb3 7. axb3 c6 8. Nf3 d6 9. h3 0-0 10. 0-0 Qc7 11. d4 Be6 12. Qe2 exd4 13. Nxd4 Rfe8 14. Rfe1 h6 15. Bh4 Nd7 16. Nxe6 fxe6 17. Qg4 Bxh4 18. Qxh4 e5 19. Rad1 Nc5 20. Re3 Ne6 21. Rg3 Kh8 22. Qg4 Rad8 23. Ne2 Re7 24. Rdd3 Qa5 25. Rd1 d5 26. Qf5 d4 27. Rg6 Rf8 28. Qg4 Nf4 29. Nxf4 Rxf4 30. Qe2 Ref7 31. f3 Kh7 32. Re6 Qc5 33. Qc4 Qa5 34. Qa4 Qb6 35. Kh2 0-1

[Event "Pardubice Czech op-C 28th"]
[Site "Pardubice"]
[Date "2017.07.23"]
[Round "2"]
[White "Loiseau, Jean"]
[Black "Petri, Ben Luca"]
[Result "1/2-1/2"]
[WhiteElo "1972"]
[BlackElo "1719"]
[PlyCount "136"]
[EventDate "2017.07.22"]
[EventType "swiss"]
[EventRounds "9"]
[EventCountry "CZE"]
[SourceTitle "CBM 179 Extra"]
[Source "ChessBase"]
[SourceDate "2017.08.23"]
[SourceVersion "1"]
[SourceVersionDate "2017.08.23"]
[SourceQuality "1"]

1. e4 e5 2. Nf3 Nc6 3. Bc4 Bc5 4. c3 Nf6 5. d3 a6 6. Bb3 Ba7 7. Nbd2 h6 8. 0-0 d6 9. Re1 0-0 10. Nf1 Re8 11. Ne3 Ne7 12. Bc2 Ng6 13. Nf5 d5 14. N3h4 Nxh4 15. Nxh4 Ng4 16. g3 Bxf2+ 17. Kg2 Bxe1 18. Qxe1 dxe4 19. Qxe4 Nf6 20. Qe3 Qd5+ 21. Kg1 Ng4 22. Qe2 Bd7 23. h3 Nf6 24. Kh2 Rad8 25. Be3 Qe6 26. g4 Qd6 27. Rf1 Nd5 28. Bc1 e4+ 29. Kg1 Qg3+ 30. Ng2 exd3 31. Qxd3 Qxd3 32. Bxd3 Bc6 33. Bc4 Bb5 34. Bxb5 axb5 35. Kf2 Kh7 36. Kf3 b4 37. c4 Nb6 38. b3 Ra8 39. Rf2 Nd7 40. Nf4 Nc5 41. Be3 Ne6 42. Nd5 c6 43. Nxb4 Ng5+ 44. Bxg5 hxg5 45. a4 Kg6 46. Ra2 Rh8 47. Rh2 Rad8 48. a5 Rd1 49. a6 c5 50. axb7 cxb4 51. c5 Rc1 52. Ra2 Rb8 53. Ra6+ Kh7 54. c6 Rxc6 55. Rxc6 Rxb7 56. Rc4 Kg6 57. Ke4 Rb5 58. Kf3 Kf6 59. Re4 g6 60. Kg3 Kg7 61. Kf3 f5 62. Rc4 Rb6 63. Kg3 Kf6 64. Kf3 Ke5 65. Kg3 Kd5 66. Kf3 Rb7 67. Kg3 f4+ 68. Kf3 Rb6 1/2-1/2

[Event "Niedersachsen-ch op-B"]
[Site "Verden"]
[Date "2017.01.08"]
[Round "7"]
[White "Stummeyer, Dieter"]
[Black "Petri, Ben Luca"]
[Result "0-1"]
[WhiteElo "1885"]
[BlackElo "1709"]
[PlyCount "57"]
[EventDate "2017.01.05"]
[EventType "swiss"]
[EventRounds "7"]
[EventCountry "GER"]
[SourceTitle "CBM 187 Extra"]
[Source "ChessBase"]
[SourceDate "2018.11.04"]
[SourceVersion "1"]
[SourceVersionDate "2018.11.04"]
[SourceQuality "1"]

1. e4 e5 2. f4 exf4 3. Nf3 Ne7 4. Bc4 d5 5. exd5 Nxd5 6. 0-0 Be6 7. Qe2 Be7 8. d4 0-0 9. Bxd5 Bxd5 10. Ne5 Nc6 11. c4 Nxe5 12. cxd5 Ng6 13. Nc3 Bd6 14. Qf3 a6 15. Bd2 Qf6 16. Qf2 Rfe8 17. Rae1 Qf5 18. Kh1 Bb4 19. Qf3 Bd6 20. g4 Qc2 21. Bc1 Nh4 22. Qh3 f3 23. Rxe8+ Rxe8 24. Rg1 f2 25. Rf1 Re1 26. Bg5 Nf3 27. Bd8 Nxh2 28. g5 Rxf1+ 29. Kg2 0-1

[Event "Niedersachsen-ch op-B"]
[Site "Verden"]
[Date "2017.01.05"]
[Round "2"]
[White "Boerma, Daniel"]
[Black "Petri, Ben Luca"]
[Result "1/2-1/2"]
[WhiteElo "1917"]
[BlackElo "1709"]
[PlyCount "137"]
[EventDate "2017.01.05"]
[EventType "swiss"]
[EventRounds "7"]
[EventCountry "GER"]
[SourceTitle "CBM 187 Extra"]
[Source "ChessBase"]
[SourceDate "2018.11.04"]
[SourceVersion "1"]
[SourceVersionDate "2018.11.04"]
[SourceQuality "1"]

1. d4 Nf6 2. g3 g6 3. Bg2 Bg7 4. e4 d5 5. e5 Ng8 6. Nf3 e6 7. 0-0 Ne7 8. Bg5 h6 9. Bxe7 Qxe7 10. Nbd2 c5 11. c3 Nc6 12. Nb3 b6 13. Re1 0-0 14. Qe2 c4 15. Nc1 b5 16. a3 a5 17. Qc2 Bd7 18. Ne2 b4 19. Nf4 Rfb8 20. Nd2 Be8 21. h4 bxc3 22. bxc3 a4 23. h5 g5 24. Nh3 Na5 25. f4 Nb3 26. Ra2 gxf4 27. Nxf4 Nxd2 28. Qxd2 Rb3 29. Qc1 Rab8 30. Bf3 Qg5 31. Kh2 Bf8 32. Bd1 Rb1 33. Qe3 R1b2+ 34. Re2 Rxa2 35. Rxa2 Rb6 36. Qf3 Bc6 37. Bc2 Rb3 38. Bxb3 axb3 39. Ra1 b2 40. Rb1 Bxa3 41. Qe2 Ba4 42. Rxb2 Bxb2 43. Qxb2 Bd1 44. Qb8+ Kg7 45. Qb7 Qf5 46. Qb2 Bxh5 47. Qf2 Bg4 48. Qd2 Qe4 49. Ng2 Bf3 50. Nf4 Qb1 51. Ng2 Qd1 52. Qxd1 Bxd1 53. Nf4 Bg4 54. Kg2 h5 55. Kf2 Kh6 56. Ng2 Kg5 57. Ne3 Bf5 58. Ke2 Be4 59. Kf2 f6 60. exf6 Kxf6 61. Nf1 e5 62. dxe5+ Kxe5 63. Ne3 Bd3 64. Kf3 d4 65. cxd4+ Kxd4 66. g4 h4 67. Nxc4 Bxc4 68. Kg2 Ke4 69. Kh3 1/2-1/2

[Event "GER-chT U16"]
[Site "Neumarkt in der Oberpfalz"]
[Date "2016.12.28"]
[Round "3.3"]
[White "Schulz, Theresa Charlotte"]
[Black "Petri, Ben Luca"]
[Result "1-0"]
[WhiteElo "1578"]
[BlackElo "1678"]
[PlyCount "49"]
[EventDate "2016.12.27"]
[EventType "team-swiss"]
[EventRounds "7"]
[EventCountry "GER"]
[SourceTitle "EXT 2018"]
[Source "ChessBase"]
[SourceDate "2017.10.13"]
[SourceVersion "1"]
[SourceVersionDate "2017.10.13"]
[SourceQuality "1"]
[WhiteTeam "Erfurt Empor"]
[BlackTeam "Delmenhorst"]
[WhiteTeamCountry "GER"]
[BlackTeamCountry "GER"]

1. d4 Nf6 2. Bg5 c5 3. Bxf6 gxf6 4. d5 Bg7 5. c3 d6 6. Nd2 Nd7 7. e4 f5 8. exf5 Nf6 9. Bb5+ Bd7 10. Qb3 0-0 11. Bd3 Nxd5 12. Qxd5 Bc6 13. Qb3 Bxg2 14. Be4 Bxh1 15. Bxh1 Rb8 16. 0-0-0 b5 17. Ne4 c4 18. Qc2 Bh6+ 19. Kb1 b4 20. f6 b3 21. Qe2 bxa2+ 22. Ka1 exf6 23. Rxd6 Qc7 24. Nxf6+ Kh8 25. Qe4 1-0

[Event "GER-chT Lands U20"]
[Site "Hannover"]
[Date "2016.10.02"]
[Round "2.5"]
[White "Focke, Adrian"]
[Black "Petri, Ben Luca"]
[Result "1/2-1/2"]
[WhiteElo "1698"]
[BlackElo "1766"]
[PlyCount "107"]
[EventDate "2016.10.01"]
[EventType "team-swiss"]
[EventRounds "7"]
[EventCountry "GER"]
[SourceTitle "CBM 174 Extra"]
[Source "ChessBase"]
[SourceDate "2016.10.10"]
[SourceVersion "1"]
[SourceVersionDate "2016.10.10"]
[SourceQuality "1"]
[WhiteTeam "Mecklenburg Vorpommern"]
[BlackTeam "Bremen & Friends"]
[WhiteTeamCountry "GER"]
[BlackTeamCountry "GER"]

1. e4 e5 2. Nf3 Nc6 3. d4 exd4 4. Nxd4 Nf6 5. Nc3 Bb4 6. Nxc6 bxc6 7. Bd3 d5 8. exd5 cxd5 9. 0-0 0-0 10. Bg5 c6 11. Qf3 Bd6 12. Rfe1 Rb8 13. Rab1 Be6 14. h3 Be7 15. Ne2 Qd7 16. Nd4 c5 17. Nxe6 fxe6 18. Qe3 Rb6 19. Re2 c4 20. Bf5 exf5 21. Qxe7 Qxe7 22. Rxe7 a6 23. Bxf6 Rfxf6 24. b3 cxb3 25. cxb3 Rbc6 26. Rd1 Rc2 27. Rxd5 Rxa2 28. Rdd7 g6 29. Rg7+ Kh8 30. Rxh7+ Kg8 31. Rhe7 Ra1+ 32. Kh2 Ra3 33. Rb7 a5 34. Ra7 Rxb3 35. Rxa5 Rb8 36. Raa7 Kf8 37. Kg3 Rb4 38. f4 Rb2 39. Reb7 Rxb7 40. Rxb7 Rd6 41. Kh4 Rd2 42. g3 Rd3 43. Rb5 Kg7 44. g4 Rd4 45. Kg5 fxg4 46. hxg4 Rd6 47. Rb7+ Kg8 48. Kh6 Rf6 49. g5 Rxf4 50. Kxg6 Rf8 51. Kh6 Ra8 52. g6 Rc8 53. Rb5 Rd8 54. Rb7 1/2-1/2

[Event "GER-ch U18"]
[Site "Willingen"]
[Date "2016.05.19"]
[Round "7"]
[White "Petri, Ben Luca"]
[Black "Schnabel, Bennett"]
[Result "0-1"]
[WhiteElo "1694"]
[BlackElo "2047"]
[PlyCount "86"]
[EventDate "2016.05.15"]
[EventType "swiss"]
[EventRounds "9"]
[EventCountry "GER"]
[SourceTitle "CBM 172 Extra"]
[Source "ChessBase"]
[SourceDate "2016.06.21"]
[SourceVersion "1"]
[SourceVersionDate "2016.06.21"]
[SourceQuality "1"]

1. e4 e5 2. Nf3 Nc6 3. Bb5 a6 4. Bxc6 dxc6 5. 0-0 Bg4 6. h3 h5 7. d3 Qf6 8. Nbd2 g5 9. Re1 Be6 10. Nf1 g4 11. hxg4 hxg4 12. N3h2 0-0-0 13. Nxg4 Qh4 14. Ngh2 Nf6 15. Qf3 Ng4 16. Qg3 Qxg3 17. fxg3 Bc5+ 18. Be3 Bxe3+ 19. Rxe3 Nxe3 20. Nxe3 Rdg8 21. Nhf1 Rg5 22. Kf2 Rf8 23. Ke2 c5 24. b3 Kd7 25. a4 Kc6 26. Re1 Rgg8 27. Kd2 b5 28. a5 Rd8 29. Kc1 Rd4 30. Rd1 f6 31. c3 Rdd8 32. Kc2 c4 33. bxc4 bxc4 34. d4 exd4 35. cxd4 Bg4 36. Rd2 Kb5 37. Kc3 Bh5 38. Rf2 Bg6 39. Nd2 c5 40. dxc5 Rd3+ 41. Kc2 Rxe3 42. Rxf6 Bxe4+ 43. Kd1 Rd8 0-1

[Event "Niedersachsen-ch op-B"]
[Site "Verden"]
[Date "2016.01.06"]
[Round "7"]
[White "Kienel, Michael"]
[Black "Petri, Ben Luca"]
[Result "1/2-1/2"]
[WhiteElo "1817"]
[BlackElo "1530"]
[PlyCount "86"]
[EventDate "2016.01.03"]
[EventType "swiss"]
[EventRounds "7"]
[EventCountry "GER"]
[SourceTitle "EXT 2018"]
[Source "ChessBase"]
[SourceDate "2017.10.13"]
[SourceVersion "1"]
[SourceVersionDate "2017.10.13"]
[SourceQuality "1"]

1. e4 e6 2. d4 d5 3. e5 c5 4. c3 Qb6 5. Nf3 Nc6 6. Bd3 Bd7 7. 0-0 cxd4 8. cxd4 Nxd4 9. Nxd4 Qxd4 10. Nc3 a6 11. Qe2 Bb4 12. Bd2 Ne7 13. Kh1 0-0 14. f4 Bxc3 15. bxc3 Qc5 16. Rab1 b5 17. Rf3 f5 18. exf6 Rxf6 19. Rh3 g6 20. Be3 Qxc3 21. Rc1 Qa3 22. Rc7 Qd6 23. Rc2 Rc8 24. Bd4 Rf7 25. Be5 Rxc2 26. Bxc2 Qb4 27. Rb3 Qc4 28. Qd1 Qc8 29. Rc3 Nc6 30. Bxg6 hxg6 31. Qg4 Rg7 32. Bxg7 Kxg7 33. h4 Qf8 34. Rg3 Qf5 35. Qf3 Nd4 36. Qf2 Qf6 37. Rg5 Kf7 38. h5 gxh5 39. Rxh5 Qg6 40. Rg5 Qh7+ 41. Kg1 Qb1+ 42. Kh2 Qh7+ 43. Kg1 Qb1+ 1/2-1/2

[Event "Niedersachsen-ch op-B"]
[Site "Verden"]
[Date "2016.01.05"]
[Round "6"]
[White "Petri, Ben Luca"]
[Black "Diskin, Semen"]
[Result "1/2-1/2"]
[WhiteElo "1530"]
[BlackElo "1947"]
[PlyCount "48"]
[EventDate "2016.01.03"]
[EventType "swiss"]
[EventRounds "7"]
[EventCountry "GER"]
[SourceTitle "EXT 2018"]
[Source "ChessBase"]
[SourceDate "2017.10.13"]
[SourceVersion "1"]
[SourceVersionDate "2017.10.13"]
[SourceQuality "1"]

1. e4 Nf6 2. Nc3 d5 3. exd5 Nxd5 4. Bc4 c6 5. Qf3 e6 6. Nge2 Nd7 7. d4 N7f6 8. Nxd5 cxd5 9. Bd3 h6 10. 0-0 Bd6 11. Bf4 a6 12. Bxd6 Qxd6 13. c3 0-0 14. Rfe1 Bd7 15. Qg3 Qxg3 16. Nxg3 Rac8 17. f4 g6 18. h3 h5 19. Kf2 Rc6 20. Re2 Rb6 21. a4 Kg7 22. Nf1 Rc8 23. Ra2 Rbc6 24. Nd2 Be8 1/2-1/2

[Event "Niedersachsen-ch op-B"]
[Site "Verden"]
[Date "2016.01.04"]
[Round "3"]
[White "Zucker, Stefan"]
[Black "Petri, Ben Luca"]
[Result "1-0"]
[WhiteElo "1895"]
[BlackElo "1530"]
[PlyCount "45"]
[EventDate "2016.01.03"]
[EventType "swiss"]
[EventRounds "7"]
[EventCountry "GER"]
[SourceTitle "EXT 2018"]
[Source "ChessBase"]
[SourceDate "2017.10.13"]
[SourceVersion "1"]
[SourceVersionDate "2017.10.13"]
[SourceQuality "1"]

1. Nc3 Nf6 2. e4 e5 3. g3 Bc5 4. Bg2 d6 5. Na4 Nbd7 6. d3 0-0 7. Nxc5 Nxc5 8. h3 Be6 9. Ne2 c6 10. Be3 Ncd7 11. g4 d5 12. Ng3 dxe4 13. dxe4 Qa5+ 14. c3 Rad8 15. Qc2 Nb6 16. 0-0 Nc4 17. Bg5 Qc7 18. Bxf6 gxf6 19. Qc1 Kg7 20. Nh5+ Kg6 21. f4 Qb6+ 22. Kh1 exf4 23. Qxf4 1-0

[Event "GER-chT U14"]
[Site "Verden"]
[Date "2015.12.30"]
[Round "7.3"]
[White "Righi, Sofian"]
[Black "Petri, Ben Luca"]
[Result "1/2-1/2"]
[WhiteElo "1673"]
[BlackElo "1650"]
[PlyCount "70"]
[EventDate "2015.12.27"]
[EventType "team-swiss"]
[EventRounds "7"]
[EventCountry "GER"]
[SourceTitle "EXT 2017"]
[Source "ChessBase"]
[SourceDate "2016.10.25"]
[SourceVersion "1"]
[SourceVersionDate "2016.10.25"]
[SourceQuality "1"]
[WhiteTeam "Duesseldorf"]
[BlackTeam "Delmenhorst"]
[WhiteTeamCountry "GER"]
[BlackTeamCountry "GER"]

1. d4 Nf6 2. c4 g6 3. Nc3 d5 4. Nf3 Bg7 5. Bg5 c6 6. e3 0-0 7. Be2 Nbd7 8. 0-0 Re8 9. cxd5 cxd5 10. Bf4 a6 11. Rc1 e6 12. Na4 Nh5 13. Bc7 Qe7 14. Ba5 b5 15. Nc5 Nxc5 16. Rxc5 Bd7 17. Qb3 Rec8 18. Rfc1 Rxc5 19. Rxc5 Rc8 20. Bb4 Rxc5 21. Bxc5 Qe8 22. Qc3 Nf6 23. Nd2 Bc6 24. Qa5 Qc8 25. a4 bxa4 26. Bxa6 Qa8 27. b4 axb3 28. Nxb3 Nd7 29. Bd3 Qxa5 30. Nxa5 Ba4 31. Ba6 Bf8 32. Nb7 Bc6 33. Bxf8 Kxf8 34. Na5 Ba4 35. Kf1 Ke7 1/2-1/2